MDQL
is popping MORE tags! Check the
thread
!
Quizzes
Events
Quiz Creation
Community
Videos
Private Events
Remove Ads
Sign In
Join for FREE
Feedback
Dark Mode
Quiz Categories
Sports
Geography
Music
Movies
Television
Just For Fun
Miscellaneous
History
Literature
Language
Science
Gaming
Entertainment
Religion
Holiday
For Kids
Quiz Lab
Recent
Popular Today
Quiz Kudos Today
Editor Picks
Curator Picks
Quizzes by...
Day
Popularity
Type
Ratings
Length
Year
Community
Subscriptions
Recent Discussions
Orange Saloon
Badges
Playlists
Quests
Create
Leaderboards
Showdown
Live 5
Trivia Bingo
Activity
Puzzle Library
Sporcle Events
Private Events
Virtual Trivia
Globe League
Become a Host
Pub Owners
SporcleCon
Opinionation
Our Games
Videos
Blog
Mobile Apps
Partnerships
Remove Ads and Go Orange
Feedback
Music
Pop Music
The Beatles
Song
Album
Lyrics
Bands
Singers
Artist
Clip
Rock
Rap
Classical
Billboard
Country Music
Kpop
Taylor Swift
Music
Pop Music
The Beatles
Song
Album
Lyrics
Bands
Singers
Artist
Clip
Rock
Rap
Classical
Billboard
Country Music
Kpop
Taylor Swift
Random Quiz
Search Sporcle
×
Quiz Lab
Quiz Lab
Music
Kpop
Type in answers that appear in a list
Type in answers that appear in a list
Classic
Best Score? Go Orange.
Name the K-POP Groups from the Members' Scrambled Names Stats
Can you identify which k-pop group each set of scrambled names is from?
By
maddieshmaddie
10m
23 Questions
1,116 Plays
1,116 Plays
1,116 Plays
Comments
Comments
Give Quiz Kudos
Give Quiz Kudos
-
- Ratings
hide this ad
Replay
Link that replays current quiz
Next Quiz
Link to next quiz in quiz playlist
You Got
0%
They Got
Avg Score
79%
Avg Friend Score
Upgrade to see
Score Distribution
Jump to the score distribution portion of the page
Score
0/23
Timer
10:00
0
Plays Today
Names
Group
% Correct
wone ugnjhon omhin itemna yke
SHINee
97.5%
otp grnsiue rgngdao agtenay sdgunea
Big Bang
95.5%
nogysouo nunys oeneayt onyheyo ffntiya casisej ruiy nonya hoeunys
Girls Generation
93.5%
ytklasr emarb rtavcioi lulis nula
f(x)
92.7%
raad mbo lc zymni
2ne1
90.9%
hsou od aik uhesn keaybnu echlnayo
EXO-K
89.6%
unixmi ehnc skir hlaun ayl ota
EXO-M
88.7%
nestarmapor nmiij pojhe oogjknku gaus nij v
BTS
87.6%
efi imn iaj zyus
MissA
87.5%
yhwouno usygugn osmoygnu yooh wgnodo jusggon leysnguo
Infinite
84.3%
irva nohbign ole nek yuhk n
VIXX
84.3%
nooogwdn wakking guhjnuyn nooodoj sbeooy gsehnuynu
BEAST
83.2%
Names
Group
% Correct
yuos nirohy mosda roba
SISTAR
83.2%
hacinmh ydehnua loze ggnyuko ejagnuyo pongju
B.A.P
80.9%
op leita ozci gukny oejyah oknwu obbbm
Block B
79.7%
nymhuni rj nora kohbea ner
NU'EST
78.7%
inojoy unhay ygnoao husyon nuhijy
4MINUTE
77.7%
whaoyng ognjynhu usghjoni knihymu
CNBLUE
75%
onoj ohcenogodn irm og oegsuhn
MBLAQ
73%
junginyo rabo dlasuen hcoggnan nuc
B1A4
72.5%
ugriy raah eoysnugen unogiyj locine
KARA
70.3%
ohonusy vniek lei ja ohno piskoe
U-KISS
63.9%
7.9%
Quiz Playlist
Details
Report
Send in Message
Add To Playlist
Classic:
Type in answers that appear in a list
Last Updated: Dec 21, 2018
Quiz Scoreboard
CHALLENGE
Sign Up to Join the Scoreboard
Show All
Scores
Hide
Comments
May contain spoilers
Recently Published
Image Sorting: Flags VI
by Barbecue
Geography
2m
Find the 'City' Movie
by crazypaving
Movies
60s
Colored Red Africa Blitz
by spor1
Geography
45s
More to Explore
Quiz From the Vault
Featured Blog Post
14 Easter Pick-up Lines to Find Eggs With
hide this ad
You Might Also Like...
Tags
Kpop Quiz
Korean
Kpop Quiz
Today's Top Quizzes in Music
Browse Music
hide this ad
Today's Top Quizzes in Kpop
Browse Kpop
Top Contributed Quizzes in Music
1
5X2 Blitz: Bands II
2
5X2 Blitz: The Beatles
3
Taylor Swift All Songs (2024)
4
5X2 Blitz: Billboard
5
5X2 Blitz: Billboard II
6
5X2 Blitz: Album
7
Taylor Swift Logic Puzzle II
8
5X2 Blitz: Singers
9
5X2 Blitz: Rock
10
5X2 Blitz: Lyrics
Explore More
Trending Topics
Crossword
Anime
NBA
Kpop
Marvel
Disney
Harry Potter
WWE
Soccer
The Office
Country
NFL
Pokémon
Puzzle
Song
hide this ad
More By:
maddieshmaddie
Quiz
Plays
Rating
Category
Featured
Created
Name the K-POP Groups from the Members' Scrambled Names
1,116
4.20
Music
Jan 17, 2014
Go to Creator's Profile
Score Distribution
Quiz Creator Spotlight
maddieshmaddie
Follow
Send a Message
Quizzes Created
-
Created Quiz Play Count
-
More By This Creator
Popular Quizzes Today
1
Colored Red Africa Blitz
2
Find the US States - No Outlines Minefield
3
Find the 'City' Movie
4
5x2 Blitz: Bands
5
The Countries of the World
6
Find the US States
7
Find the Countries of Europe - No Outlines Minefield
8
US States
More Music Quizzes
Modern Rock Hits (2000s)
Published
Trending Quizzes
Colored Red Europe Blitz I
Colored Red Europe Blitz II
Colored Red Africa Blitz II
Colored Red Europe Blitz III
Colored Red Africa Blitz III
Recently Updated
How Do You Spell That?
pecheneg
Godzilla Movies
pecheneg
Grab Bag: 4-10 Letters
pecheneg
2024 March Madness Bracket
pecheneg
Famous TV Couples
Peacemaker
Champions League XIs: Real Madrid
pecheneg
Largest US Cities 1790-2010
pecheneg
Rides in Walt Disney World
pecheneg
Most Oscar Losses (Acting)
pecheneg
Beyoncé Albums
pecheneg
Trending Topics
NBA
Kpop
Harry Potter
Crossword
Disney
Anime
Marvel
Soccer
WWE
Puzzle
Song
Country
The Office
NFL
Pokémon
Your Account Isn't Verified!
In order to create a playlist on Sporcle, you need to verify the email address you used during registration. Go to your
Sporcle Settings
to finish the process.
Report this User
Report this user for behavior that violates our
Community Guidelines
.
Details:
Send Report
Go to the Sporcle.com Mobile Site →
Comments